[Event "Coronel op 1st"]
[Site "Coronel"]
[Date "2016.03.13"]
[Round "6.1"]
[White "Garrido Aguayo, Alejandro"]
[Black "Medina Alvarado, Boris"]
[Result "1-0"]
[WhiteElo "1444"]
[BlackElo "1346"]
[PlyCount "61"]
[EventDate "2016.03.13"]
[EventType "swiss"]
[EventRounds "6"]
[EventCountry "CHI"]
[SourceTitle "EXT 2024"]
[Source "ChessBase"]
[SourceDate "2023.10.10"]
[SourceVersion "1"]
[SourceVersionDate "2023.10.10"]
[SourceQuality "1"]

1. d4 Nf6 2. c4 e6 3. Nc3 d5 4. e3 c5 5. Nf3 Nc6 6. a3 Be7 7. Be2 cxd4 8. exd4 Qb6 9. c5 Qc7 10. 0-0 0-0 11. Nb5 Qd8 12. Bf4 Ne8 13. b4 a6 14. Nc3 h6 15. Ne5 Nxe5 16. Bxe5 Bf6 17. Bg3 Bd7 18. Qd3 Bc6 19. Bd1 g6 20. Bc2 Kg7 21. Rfe1 b6 22. Na4 b5 23. Nb2 h5 24. Be5 Rg8 25. a4 Kh7 26. Qf3 Kg7 27. Qf4 Rf8 28. Re3 Kh7 29. Qf3 Bg5 30. Qxh5+ Kg8 31. Qh8# 1-0

[Event "Coronel op 1st"]
[Site "Coronel"]
[Date "2016.03.13"]
[Round "4.1"]
[White "Medina Alvarado, Boris"]
[Black "Cofre Arriagada, Rodrigo"]
[Result "1-0"]
[WhiteElo "1346"]
[BlackElo "1598"]
[PlyCount "129"]
[EventDate "2016.03.13"]
[EventType "swiss"]
[EventRounds "6"]
[EventCountry "CHI"]
[SourceTitle "EXT 2024"]
[Source "ChessBase"]
[SourceDate "2023.10.10"]
[SourceVersion "1"]
[SourceVersionDate "2023.10.10"]
[SourceQuality "1"]

1. e4 e5 2. Nf3 d6 3. d4 exd4 4. Nxd4 Be7 5. Nc3 Nf6 6. Be2 a6 7. 0-0 c5 8. Nf3 0-0 9. Bf4 Nc6 10. Qd2 Bg4 11. Rfd1 Bxf3 12. Bxf3 Nd4 13. b3 Nxf3+ 14. gxf3 Qa5 15. Nd5 Qd8 16. Nxe7+ Qxe7 17. Bxd6 Qe6 18. Bxf8 Rxf8 19. Qe3 b6 20. Rd2 Qh3 21. Re1 h6 22. Rd6 Nh7 23. f4 Qg4+ 24. Qg3 f5 25. Qxg4 fxg4 26. f5 Ng5 27. Kg2 Nf3 28. Red1 Kh7 29. Rxb6 Re8 30. Rxa6 Rxe4 31. Rd7 Nh4+ 32. Kf1 Nxf5 33. Raa7 Kg6 34. a4 Rf4 35. Kg2 Rf3 36. a5 Nh4+ 37. Kf1 Nf5 38. a6 g3 39. hxg3 Rc3 40. Rab7 Rxc2 41. a7 Rc1+ 42. Kg2 Ra1 43. Rb8 h5 44. a8Q Rxa8 45. Rxa8 Nd4 46. Rb8 Kf6 47. Rbb7 g5 48. Rdc7 h4 49. gxh4 gxh4 50. Rxc5 h3+ 51. Kxh3 Ne2 52. Rb6+ Ke7 53. Rc7+ Kd8 54. Rh7 Kc8 55. Rg6 Nf4+ 56. Kg4 Nxg6 57. f4 Kd8 58. f5 Ne5+ 59. Kg5 Ke8 60. f6 Nf3+ 61. Kf5 Nd4+ 62. Kg6 Ne6 63. Re7+ Kf8 64. Rxe6 Kg8 65. Re8# 1-0